Вторая Сибирская научно-практическая конференция по надежности научно-технических прогнозов (Новосибирск, 12-14 мая 1981 г.): тезисы докладов

מידע ביבליוגרפי
Corporate Authors: Академия наук СССР (АН СССР) Сибирское отделение (СО) Институт горного дела (ИГД) (570), Академия наук СССР (АН СССР) Сибирское отделение (СО) Институт математики, Академия наук СССР (АН СССР) Сибирское отделение (СО) Институт экономики и организации промышленного производства (ИЭОПП), Новосибирский институт народного хозяйства (НИНХ), Вторая Сибирская научно-практическая конференция по надежности научно-технических прогнозов
שפה:רוסית
יצא לאור: Новосибирск, Изд-во ИГД, 1981
נושאים:
פורמט: MixedMaterials ספר
KOHA link:https://koha.lib.tpu.ru/cgi-bin/koha/opac-detail.pl?biblionumber=309628

MARC

LEADER 00000nam0a2200000 4500
001 309628
005 20231102002216.0
020 |a RU  |b 81-43493 
035 |a (RuTPU)RU\TPU\book\334967 
090 |a 309628 
100 |a 20151116d1981 km y0rusy5003 ca 
101 0 |a rus 
102 |a RU 
105 |a y z 100zy 
200 1 |a Вторая Сибирская научно-практическая конференция по надежности научно-технических прогнозов (Новосибирск, 12-14 мая 1981 г.)  |e тезисы докладов  |f Академия наук СССР (АН СССР), Сибирское отделение (СО), Институт горного дела (ИГД) ; Академия наук СССР (АН СССР), Сибирское отделение (СО), Институт математики ; Академия наук СССР (АН СССР), Сибирское отделение (СО), Институт экономики и организации промышленного производства (ИЭОПП) ; Новосибирский институт народного хозяйства (НИНХ) 
210 |a Новосибирск  |c Изд-во ИГД  |d 1981 
215 |a 187 с. 
606 1 |a Технический прогресс  |x Прогнозирование  |2 stltpush  |3 (RuTPU)RU\TPU\subj\60122  |9 77611 
610 1 |a научное прогнозирование 
610 1 |a прогнозы 
610 1 |a надежность 
610 1 |a конференции 
610 1 |a методология 
610 1 |a автоматизированные системы 
610 1 |a прогнозное обоснование 
610 1 |a научные исследования 
610 1 |a информационное обеспечение 
610 1 |a статистические методы 
610 1 |a статистические модели 
610 1 |a отраслевые системы 
610 1 |a тезисы докладов 
610 1 |a Новосибирск 
675 |a 62.001.7"313"(063)  |z rus  |v 3 
712 0 2 |a Академия наук СССР (АН СССР)  |b Сибирское отделение (СО)  |b Институт горного дела (ИГД)  |c (Новосибирск)  |2 stltpush  |3 (RuTPU)RU\TPU\col\11352 
712 0 2 |a Академия наук СССР (АН СССР)  |b Сибирское отделение (СО)  |b Институт математики  |2 stltpush  |3 (RuTPU)RU\TPU\col\11754 
712 0 2 |a Академия наук СССР (АН СССР)  |b Сибирское отделение (СО)  |b Институт экономики и организации промышленного производства (ИЭОПП)  |c (Новосибирск)  |2 stltpush  |3 (RuTPU)RU\TPU\col\12174 
712 0 2 |a Новосибирский институт народного хозяйства (НИНХ)  |2 stltpush  |3 (RuTPU)RU\TPU\col\5064 
712 1 2 |a Вторая Сибирская научно-практическая конференция по надежности научно-технических прогнозов  |e Новосибирск  |f 1981  |4 570 
801 0 |a RU  |b RuMRKP  |c 19950704  |g psbo 
801 1 |a RU  |b 63413507  |c 20151116 
801 2 |a RU  |b 63413507  |c 20180913  |g RCR 
942 |c BK